| Record ID | ia:diderotreasonres0000font |
| Source | Internet Archive |
| Download MARC XML | https://archive.org/download/diderotreasonres0000font/diderotreasonres0000font_marc.xml |
| Download MARC binary | https://www.archive.org/download/diderotreasonres0000font/diderotreasonres0000font_meta.mrc |
LEADER: 01557cam a2200421 a 4500
001 8553407
003 OCoLC
005 20151004211423.0
008 830815s1982 nyu 000 0 eng
010 $a82009649
020 $a0807610356 :$c$14.95
035 $a8553407
035 $ar00c01
039 0 $a2$b3$c3$d3$e3
040 $dCSf$dOCoLC$dUtOrBLW
041 1 $aeng$hfre
050 00 $aB2017$b.F6613 1982
082 0 $a034/.1/0924$219
092 $a848$bD561zfo
100 1 $aFontenay, Élisabeth de.
240 10 $aDiderot, ou, Le matérialisme enchanté.$lEnglish
245 10 $aDiderot, reason and resonance /$cby Elisabeth de Fontenay ; translated by Jeffrey Mehlman.
260 $aNew York :$bG. Braziller,$c1982.
300 $axii, 274 p. ;$c22 cm
336 $atext$btxt$2rdacontent
337 $aunmediated$bn$2rdamedia
338 $avolume$bnc$2rdacarrier
500 $aTranslation of: Diderot, ou, Le matérialisme enchanté.
600 10 $aDiderot, Denis,$d1713-1784.
907 $a.b10948016$b10-29-18$c07-16-03
998 $axgc$b07-01-03$cm$da $e-$feng$gnyu$h0$i1
957 00 $aOCLC reclamation of 2017-18
907 $a.b10948016$b11-29-14$c07-16-03
956 $aPre-reclamation 001 value: ocm00000013
998 $axgc$b07-01-03$cm$da$e-$feng$gnyu$h0$i1
999 $yMARS
998 $a08/15/83$tc$s9110$nCSf$wPAUG82B30746$d08/15/83$bTUV$i830815$lCSFX
945 $a848 D561zfo$d - - $e04-18-2018 17:32$f0$g0$h04-30-18$i31223008005382$j171$0171$k - - $lxgcst$o-$p$0.00$q-$r-$s- $t0$u4$v0$w0$x1$y.i15638200$z08-01-03